Historia de la gente de trueno: (Record no. 63127)

MARC details
000 -LEADER
campo de control de longitud fija 00819nam a2200217 i 4500
001 - NÚMERO DE CONTROL
campo de control 63127
003 - IDENTIFICADOR DE NÚMERO DE CONTROL
campo de control ES-MaACL
005 - FECHA Y HORA DE LA ÚLTIMA TRANSACCIÓN
campo de control 20260520192921.0
007 - CAMPO FIJO DE DESCRIPCIÓN FÍSICA--INFORMACIÓN GENERAL
campo de control de longitud fija t|
008 - DATOS DE LONGITUD FIJA--INFORMACIÓN GENERAL
campo de control de longitud fija 031128s1952 sp ||||1| spa d
040 ## - FUENTE DE CATALOGACIÓN
Centro/agencia transcriptor ES-MaACL
100 1# - ENTRADA PRINCIPAL--NOMBRE DE PERSONA
Nombre de persona Fernández-Rúa, José Luis,
Fechas asociadas al nombre 1916-2002
9 (RLIN) 50048
Término indicativo de función/relación Autor
245 10 - MENCIÓN DEL TÍTULO
Título Historia de la gente de trueno:
Resto del título (astutos, bellacos y bergantes) /
Mención de responsabilidad, etc. José Luis Fernández-Rúa.
260 ## - PUBLICACIÓN, DISTRIBUCIÓN, ETC.
Lugar de publicación, distribución, etc. Madrid :
Nombre del editor, distribuidor, etc. Colenda,
Fecha de publicación, distribución, etc. [1952] (
Fabricante Selecciones Gráficas)
300 ## - DESCRIPCIÓN FÍSICA
Extensión 396 páginas ;
Dimensiones 18 cm.
852 ## - LOCALIZACIÓN
Ubicación ES-MaACL
Número de control de estantería D-8178
Sublocalización o colección R.32725
itemnumber 65517
Ubicación en estantería Sala Valle Inclán
Encuadernación Encuadernación rústica
852 ## - LOCALIZACIÓN
Ubicación ES-MaACL
Número de control de estantería DB-186
itemnumber 207317
Ubicación en estantería Despachos-biblioteca
Encuadernación Encuadernación rústica
Donativo/Legado Donación: J. Porto
Nota libre Firma de J. Porto
942 ## - ELEMENTOS DE ENTRADA SECUNDARIOS (KOHA)
Tipo de ítem Koha Libro impreso antiguo
Suprimir en OPAC No
Holdings
Estatus retirado Estado de pérdida Estado de daño No para préstamo Biblioteca de origen Biblioteca actual Ubicación en estantería Fecha de adquisición Fuente de adquisición Total de préstamos Signatura topográfica completa Código de barras Visto por última vez Precio de reemplazo Tipo de ítem Koha Fuente del sistema de clasificación o colocación Nota pública
        Biblioteca del Ateneo de Madrid Biblioteca del Ateneo de Madrid Sala Valle Inclán 17/01/2008     D-8178 901066175 23/02/2023 23/02/2023 Libro impreso    
        Biblioteca del Ateneo de Madrid Biblioteca del Ateneo de Madrid Despachos-biblioteca 20/05/2026 Donación   DB-186 2026-0309 20/05/2026 20/05/2026 Libro impreso Clasificación decimal universal Firma de J. Porto